00321nam a2200121Ia 4500008004100000041000800041082001400049100001500063245004400078260003700122300003100159365000900190240624s9999 xx 000 0 und d aeng a158.2 BER aBERNE ERIC aGAMES PEOPLE PLAY THE BASIC HANDBOOK OF c2004aNew YorkbBallantine Books axvi, : 196 : p. : cm. ; 21 cb20